| 000 | 00366 a2200133 4500 | ||
|---|---|---|---|
| 999 |
_c325465 _d325465 |
||
| 001 | 90392 | ||
| 003 | NUST | ||
| 082 | _a923.2095491 MAS | ||
| 100 |
_aAgha Masood Hussain _99810 |
||
| 245 |
_aSardar Abdurab Nashtar _bAzaadi Ki Kahani Meri Zobani _hUrdu |
||
| 260 |
_aLahore _bAlhamd Publications _c2014 |
||
| 300 | _a192p. | ||
| 500 | _aGeneral Books | ||
| 942 |
_aCAE NUST _cBK _k923.2095491 MAS _2ddc |
||